00833nam a2200193 i 4500001000700000003000900007005001700016007000300033008004100036100005300077245012900130260004500259300002100304500006600325594004900391852003300440999001900473952014700492128945ES-MaACL20230906193411.0t|070531s1925 sp ||||1| spa d1 aTéllez de Meneses y Sánchez, José.910964010aOración inaugural leída en la apertura del curso de 1925 a 1926 /cpor el Dr. D. José Téllez de Meneses y Sánchez. aSalamanca : bFrancisco Nuñez, c1925. a31 p. ; c29 cm. aTema: La Universidad salmantina y su riqueza bibliográfica. aPrecede al tít.: Universidad de Salamanca. aES-MaACLj1683-F-11 bR.5454 c128945d128945 001040708Colección_de_folletosaATENEOMbATENEOMcDEPOFd2008-01-17eSCl0o1683-F-11p1134284r2023-02-23 00:00:00w2023-02-23yFOLLETOS